00358nam a22001217a 4500020001800000040000900018082001600027100002400043110003100067245004800098260004200146650004800188 a9789332518407 cnust a004.16bMAZ aMazidi Ali Muhammad aNaimi Sarmad, Naimi Sepehr aThe AVR Microcontroller and Embedded System aIndia:bPearson Education Inc,c2018. aThe AVR Microcontroller and Embedded System